• Marzotto C., Barbero Avanzini B., Botturi F., Folgheraiter F., Villa F., Piscitelli D., Bernet M., Bortoli B., Di Carlo E., Bea E., Amendola V., Angeloni M., Lofiego A

di Personal Name

Records bibliografici associati: 1

001 - CONTROL NUMBER

  • control field: 60000

003 - CONTROL NUMBER IDENTIFIER

  • control field:

005 - DATE AND TIME OF LATEST TRANSACTION

  • control field: 20230502121208.0

008 - FIXED-LENGTH DATA ELEMENTS

  • fixed length control field: 230502|| aca||aabn | a|a d

040 ## - CATALOGING SOURCE

  • Original cataloging agency:
  • Transcribing agency:

100 ## - HEADING--PERSONAL NAME

  • Personal name: Marzotto C., Barbero Avanzini B., Botturi F., Folgheraiter F., Villa F., Piscitelli D., Bernet M., Bortoli B., Di Carlo E., Bea E., Amendola V., Angeloni M., Lofiego A

670 ## - SOURCE DATA FOUND

  • Source citation: Work cat.: ()211483: Marzotto Costanza (a cura di) 59998, Per un'epistemologia del servizio sociale., 2002
CREDITS: SOCIETA' SAN PAOLO Via A.Severo, 58 - ROMA (RM) & PERIODICI SAN PAOLO SRL Via Giotto, 36 MILANO & CISF Via Giotto, 36 MILANO & EDIZIONI SAN PAOLO SRL,  Piazza Soncino, 5 CINISELLO BALSAMO (MI) -- ITALY